| 000 | 00689cam a22002295a 4500 | ||
|---|---|---|---|
| 001 | 010727948 | ||
| 005 | 20160110121910.0 | ||
| 008 | 010312s1998 enka fr 001 0 eng | ||
| 020 | _a0751306282 | ||
| 020 | _a9780751306286 | ||
| 040 |
_aUkOxU _dUk _dEG-ScBUE _beng |
||
| 082 | 0 | 4 |
_a658.402 _222 _bHEL |
| 100 | 1 |
_aHeller, Robert, _d1932-2012. _938993 |
|
| 245 | 1 | 0 |
_aManaging teams / _cRobert Heller. |
| 260 |
_aLondon : _bDorling Kindersley, _c1998. |
||
| 300 |
_a72 p. : _bill. (col) ; _c18 cm. |
||
| 490 | 0 | _aEssential managers | |
| 500 | _aIndex : p. 70-71 | ||
| 650 | 7 |
_aTeams in the workplace _xManagement. _2BUEsh _94396 |
|
| 653 |
_bBUSADM _cAugust2015 _cJanuary2016 |
||
| 942 | _2ddc | ||
| 999 |
_c20607 _d20579 |
||